00726cam a22002051 450000100060000000300080000600500170001400800410003103500190007203500190009104000390011004100080014908200180015710000260017524501520020126000520035330000490040550400300045465000360048419436BD-RjUL20211209000431.0140224s1955 nyuab b 000 0 eng d a(BD-RjUL)19496 a(OCoLC)2418700 aDLCcVtUdOCoLCdDLCdBD-RjULbeng aeng04bLAS 1955a7371 aLang, David Marshall.10aStudies in the numismatic history of Georgia in Transcaucasia :bbased on the collection of the American Numismatic Society /cDavid Marshall. Lang aNew York :bAmerican Numismatic Society,c1955. ax, 138 p. :billus., maps (1 fold.),c23 cm. aBibliography: p. 126-131. 0aNumismaticszGeorgia (Republic)